Behavioral Models in Insurance Risk Management

Analýza súčasnej situácie na poistnom trhu v Rusku. Behaviorálny model interakcií medzi subjektmi poistného trhu. Metodiky riadenia vzťahov medzi účastníkmi poistenia v digitálnom prostredí. Charakteristiky správania ekonomických subjektov v rizikových situáciách. Faktory dopytu po poisťovacích služ...

Descrizione completa

Salvato in:
Dettagli Bibliografici
Autore principale: Prokopjeva, Evgenija
Altri autori: Tankov, Evgeny, Shibaeva, Tatyana, Perekhozheva, Elena
Natura: Capitolo di libro
Lingua:inglese
Soggetti:
Tags: Aggiungi Tag
Nessun Tag, puoi essere il primo ad aggiungerne!!

MARC

LEADER 00000naa a2200000 4500
001 0280088
005 20211208093857.3
041 0 |a eng 
044 |a UA 
245 1 0 |a Behavioral Models in Insurance Risk Management  |c Evgenija Prokopjeva, Evgeny Tankov, Tatyana Shibaeva, Elena Perekhozheva 
520 |a Analýza súčasnej situácie na poistnom trhu v Rusku. Behaviorálny model interakcií medzi subjektmi poistného trhu. Metodiky riadenia vzťahov medzi účastníkmi poistenia v digitálnom prostredí. Charakteristiky správania ekonomických subjektov v rizikových situáciách. Faktory dopytu po poisťovacích službách. 
610 2 0 |a trh poistný 
610 2 0 |a riziko poistné 
610 2 0 |a poisťovatelia 
610 2 0 |a poistenie 
610 2 0 |a modely 
610 2 0 |a Rusko 
100 1 |a Prokopjeva, Evgenija 
700 1 |a Tankov, Evgeny 
700 1 |a Shibaeva, Tatyana 
700 1 |a Perekhozheva, Elena